000 00247nam a2200109Ia 4500
005 20251222154309.0
008 251222s9999||||xx |||||||||||||| ||spa||
082 _a868.6/M64
100 _a"Miró, Gabriel"
245 0 _aAños y leguas
942 _cLIB
999 _c33318
_d33318